Ilustrísimos señores: cartas del patriarca de Venecia

Tallennettuna:
Bibliografiset tiedot
Päätekijä: Luciani, Albino (autor)
Aineistotyyppi: Kirja
Kieli:espanja
Julkaistu: Madrid Biblioteca de Autores Cristianos 1978
Painos:9a. ed
Aiheet:
Tagit: Lisää tagi
Ei tageja, Lisää ensimmäinen tagi!

MARC

LEADER 00000cam a2200000 a 4500
001 UCL3479
003 CL-VaPUC
008 031128e19780000SP |||||||||||||||||spa|d
020 |a 8422008777 
082 0 4 |a 262.91  |b LUC  |2 21 
100 |a Luciani, Albino  |e autor  |9 480765 
245 1 0 |a Ilustrísimos señores: cartas del patriarca de Venecia 
250 |a 9a. ed 
300 |a 326 p 
942 |c BK 
945 |d 20031128 00:00:00  |a vberengu 
260 |a Madrid  |b Biblioteca de Autores Cristianos  |c 1978 
650 0 |a Cartas  |9 321777 
583 |a last modification  |c 20160726 01:24:58  |k Rodrigo Vera 
999 |c 306515  |d 306513 
952 |0 0  |1 0  |4 0  |6 262_910000000000000_LUC_1978  |7 0  |8 A  |9 371556  |a BIBTEO  |b BIBTEO  |d 2019-11-21  |i 209634K  |o 262.91 LUC 1978  |p 209634K  |r 2025-01-17  |w 2019-11-21  |y BK  |k ICR 
952 |0 0  |1 0  |3 erd  |4 0  |6 262_910000000000000_LUC_1978  |7 0  |8 A  |9 371557  |a BIBTEO  |b BIBTEO  |e Villagrán Garnham, Jorge  |i 5317525  |o 262.91 LUC 1978  |p 5317525  |r 2025-01-17  |w 2019-11-21  |y BK  |z Catalogado en:20160731  |k ICR